000 00767nam a2200229Ia 4500
003 GCL
008 140319s9999 xx 000 0 ara d
020 _a9117309977
040 _aGCL /
_cGCL
082 0 4 _a812.088
_bت م
100 1 _aتوفيق الحكيم
245 1 0 _aمحمد صلى الله عليه وسلم :
_bسيرة حوارية /
_cتوفيق الحكيم
250 _aالاولى
260 _aالقاهرة :
_bدار الشروق ،
_c2005
300 _a323 ص ؛
_c19 سم
650 0 4 _aالادب العربى
650 0 4 _aالرسول محمد صلى الله عليه وسلم
650 0 4 _aالادب الدينى
650 0 4 _aالمسرحيات الدينية
650 0 4 _aالمسرحيات العربية
942 _2ddc
_cBK
999 _c8179
_d8179